Guess the Taylor Swift song with no hints #18 - Statistics

General Stats
  • This quiz has been taken 2,893 times
  • The average score is 164 of 273
Answer Stats
% Correct
I
100%
a
97%
A
97%
the
95%
an
91%
me
89%
when
88%
it
87%
It
87%
to
87%
To
87%
And
86%
and
86%
be
85%
do
84%
on
84%
in
83%
who
83%
Who
83%
my
82%
so
78%
is
74%
they
74%
like
73%
No
73%
can
71%
of
71%
was
71%
but
68%
But
68%
Don't
68%
if
67%
have
66%
I'm
66%
it's
66%
want
64%
wants
64%
Eve
63%
said
63%
Just
62%
just
62%
been
61%
Oh
61%
at
59%
I've
59%
look
59%
looked
59%
Please
54%
"Please"
54%
prophecy
53%
prophecy?
53%
speak
53%
Mine
52%
sky
52%
Change
51%
change
51%
knees
51%
last
51%
someone
51%
got
50%
Let
48%
him
47%
once
47%
company
46%
get
46%
gone
46%
money
46%
Thought
46%
woman
46%
wouldn't
46%
About
45%
again
45%
Hand
45%
hand
45%
beg
44%
will
44%
with
44%
tell
43%
they're
43%
greater
42%
redo
42%
bottle
41%
has
41%
home
40%
out
40%
round
40%
bitten
39%
would've
39%
caught
38%
from
38%
lost
38%
throttle
38%
lightning
37%
moon
37%
even
36%
made
36%
table
36%
very
36%
around
35%
cursed
35%
hope
35%
punishment?
35%
pen
34%
wolf
34%
drops
33%
infant
33%
ink
33%
written
33%
howl
32%
lesser
32%
cool
31%
guess
31%
wait
31%
afraid
30%
dream
30%
okay
30%
still
30%
crumble
29%
sinking
29%
sound
29%
stays
29%
unstable
29%
Cards
28%
Feeling
28%
it'll
28%
play
28%
statues
28%
fable
26%
faith
26%
fools
26%
sign
26%
soulmates
26%
fate
25%
shades
25%
Gathered
24%
paperweight
24%
quicksand
24%
coin
23%
sealed
23%
coven
22%
Pad
22%
Spending
22%
Slow
21%
blood
19%
pricked
19%
greige
18%
Poison
18%
wound
18%
sorceress'
17%
No matching quizzes found
Score Distribution
Percent of People with Each Score
Percentile by Number Answered
Your Score History
You have not taken this quiz